Megoldódik a magyar nevek kérdése? Elkészült a kormány törvényjavaslata

Bibliographic Details
Main Authors: Gyuricsek, Piroska (Author), -tl- (Author)
Format: Article
Language:Hungarian
Subjects:

MARC

LEADER 00000nab a2200000 a 4500
001 vtls000488039
003 SK-MaSNL
005 20260319074122.0
008 160202c1993 xo 0 hun
015 |a SNBRB19rr/mm-uuuuu 
035 |a CL0488176 
040 |a SNKBUCL  |b slo  |c SNKBUCL  |e AACR2 
041 0 |a hun 
044 |a xo  |c SK 
080 |a 328.1(043.76)  |2 1981 
080 |a 323.1(437.6)  |2 1981 
100 1 |a Gyuricsek, Piroska  |4 aut  |9 388559 
245 1 0 |a Megoldódik a magyar nevek kérdése?  |b Elkészült a kormány törvényjavaslata  |c Piroska Gyuricsek, -tl- 
650 0 7 |a vláda SR  |2 snkbucl  |9 963264 
655 7 |a články z novín a časopisov  |2 snkbucl  |9 267496 
700 1 |a -tl-  |4 aut  |9 972281 
773 0 |t Új szó  |g Roč. 46, č. 138 (16. 6. 1993), s. 4 
850 |a Slovenská národná knižnica v Martine  |a DSG001 
852 |a SNK  |b KIS3GCP 
958 |a RK 
958 |a HU 
992 |a RBX 
999 |c 1576883  |d 1578813